Every Club Neymar Has Scored Against Since Barcelona - Statistics

General Stats
  • This quiz has been taken 199 times
  • The average score is 70 of 136
Answer Stats
# Competition Date Club % Correct
1 La Liga 10/26/13 Real Madrid
97%
1 La Liga 10/25/14 Real Madrid
97%
1 La Liga 11/21/15 Real Madrid
97%
1 Champions League 9/30/14 Paris Saint-Germain
86%
1 Champions League 12/10/14 Paris Saint-Germain
86%
1 Champions League 4/15/15 Paris Saint-Germain
86%
2 Champions League 4/21/15 Paris Saint-Germain
86%
2 Champions League 3/8/17 Paris Saint-Germain
86%
1 Supercopa de España 8/21/13 Atletico Madrid
84%
1 Champions League 4/1/14 Atletico Madrid
84%
1 La Liga 1/11/15 Atletico Madrid
84%
2 Copa Del Rey 1/28/15 Atletico Madrid
84%
1 La Liga 9/12/15 Atletico Madrid
84%
1 Champions League 5/6/15 Bayern Munich
83%
2 Champions League 5/12/15 Bayern Munich
83%
1 Champions League 9/27/17 Bayern Munich
83%
1 Champions League 6/6/15 Juventus
76%
1 La Liga 11/22/14 Sevilla
75%
1 La Liga 4/11/15 Sevilla
75%
1 La Liga 10/3/15 Sevilla
75%
1 Copa Del Rey 5/22/16 Sevilla
75%
1 Champions League 10/19/16 Manchester City
74%
1 Ligue 1 10/7/18 Olympique Lyon
71%
1 Ligue 1 9/22/19 Olympique Lyon
71%
1 Coupe De France 3/4/20 Olympique Lyon
71%
2 La Liga 9/13/14 Athletic Bilbao
70%
1 La Liga 2/8/15 Athletic Bilbao
70%
1 Copa Del Rey 5/30/15 Athletic Bilbao
70%
1 La Liga 1/17/16 Athletic Bilbao
70%
1 Copa Del Rey 1/20/16 Athletic Bilbao
70%
1 Copa Del Rey 1/27/16 Athletic Bilbao
70%
1 Copa Del Rey 1/11/17 Athletic Bilbao
70%
1 Ligue 1 10/22/17 Marseille
70%
2 Champions League 2/18/20 Borussia Dortmund
68%
1 Champions League 3/11/20 Borussia Dortmund
68%
1 Ligue 1 2/3/18 Lille
66%
1 Ligue 1 11/2/18 Lille
66%
1 Ligue 1 1/26/20 Lille
66%
1 La Liga 11/10/13 Real Betis
66%
1 Ligue 1 11/26/17 Monaco
63%
1 Ligue 1 11/11/18 Monaco
63%
1 Ligue 1 1/12/20 Monaco
63%
2 Ligue 1 1/15/20 Monaco
63%
1 La Liga 9/24/13 Real Sociedad
62%
1 La Liga 5/9/15 Real Sociedad
62%
2 La Liga 11/28/15 Real Sociedad
62%
1 Copa Del Rey 1/19/17 Real Sociedad
62%
1 Champions League 11/28/18 Liverpool
61%
2 La Liga 12/14/13 Villareal
60%
1 La Liga 2/1/15 Villareal
60%
2 Copa Del Rey 3/4/15 Villareal
60%
2 La Liga 11/8/15 Villareal
60%
1 La Liga 3/20/16 Villareal
60%
1 La Liga 5/6/17 Villareal
60%
1 Champions League 3/16/16 Arsenal
58%
1 La Liga 4/25/15 Espanyol
58%
1 Copa Del Rey 1/6/16 Espanyol
58%
1 La Liga 5/8/16 Espanyol
58%
3 Champions League 12/11/13 Celtic
57%
1 Champions League 9/13/16 Celtic
57%
1 Champions League 9/12/17 Celtic
57%
2 Champions League 11/22/17 Celtic
57%
1 La Liga 4/28/15 Getafe
57%
1 La Liga 10/31/15 Getafe
57%
2 La Liga 3/12/16 Getafe
57%
1 Ligue 1 12/4/19 Nantes
53%
2 La Liga 2/26/14 Celta Vigo
50%
1 La Liga 9/23/15 Celta Vigo
50%
1 La Liga 2/14/16 Celta Vigo
50%
1 La Liga 10/2/16 Celta Vigo
50%
1 La Liga 3/4/17 Celta Vigo
50%
1 La Liga 2/15/14 Rayo Vallecano
49%
1 La Liga 10/4/14 Rayo Vallecano
49%
4 La Liga 10/17/15 Rayo Vallecano
49%
2 Ligue 1 1/27/18 Montpellier
48%
1 Ligue 1 12/7/19 Montpellier
48%
1 Ligue 1 12/15/19 Saint-Etienne
48%
1 Coupe De La Ligue 1/8/20 Saint-Etienne
48%
1 Coupe De France 7/24/20 Saint-Etienne
48%
1 Ligue 1 9/29/18 Nice
47%
1 Ligue 1 5/4/19 Nice
47%
1 La Liga 4/23/16 Sporting Gijon
47%
2 La Liga 9/24/16 Sporting Gijon
47%
1 La Liga 3/1/17 Sporting Gijon
47%
1 La Liga 4/20/16 Deportivo La Coruna
45%
1 La Liga 2/20/16 Las Palmas
45%
3 La Liga 5/14/17 Las Palmas
45%
1 La Liga 9/21/14 Levante
43%
1 La Liga 2/15/15 Levante
43%
1 La Liga 9/20/15 Levante
43%
1 Champions League 10/21/14 Ajax
42%
2 Ligue 1 9/30/17 Bordeaux
42%
1 Ligue 1 12/2/18 Bordeaux
42%
1 Ligue 1 9/28/19 Bordeaux
42%
1 Ligue 1 2/17/18 Strasbourg
42%
1 Ligue 1 9/14/19 Strasbourg
42%
2 Ligue 1 8/20/17 Toulouse
41%
1 La Liga 10/5/13 Real Valladolid
40%
3 La Liga 9/27/14 Granada
39%
1 La Liga 1/9/16 Granada
39%
1 La Liga 4/2/17 Granada
39%
1 Ligue 1 9/26/18 Stade Reims
39%
2 Copa Del Rey 1/8/15 Elche
38%
2 La Liga 1/24/15 Elche
38%
1 La Liga 11/8/14 Almeria
37%
1 La Liga 10/18/14 Eibar
37%
1 La Liga 1/22/17 Eibar
37%
1 Ligue 1 8/25/18 Angers
32%
1 Ligue 1 5/11/19 Angers
32%
1 Ligue 1 10/5/19 Angers
32%
1 La Liga 9/17/16 Leganes
32%
4 Ligue 1 1/17/18 Dijon
28%
1 Champions League 12/11/19 Galatasaray
27%
1 Ligue 1 9/8/17 Metz
27%
1 Ligue 1 8/13/17 Guingamp
26%
1 Ligue 1 8/18/18 Guingamp
26%
1 Coupe De La Ligue 1/9/19 Guingamp
26%
2 Ligue 1 1/19/19 Guingamp
26%
1 Ligue 1 11/29/17 Troyes
26%
1 Ligue 1 9/1/18 Nimes Olympique
22%
1 Champions League 10/18/17 Anderlecht
21%
1 Champions League 10/31/17 Anderlecht
21%
1 Coupe De La Ligue 1/10/18 Amiens
20%
1 Ligue 1 12/21/19 Amiens
20%
1 La Liga 5/2/15 Cordoba
20%
1 Ligue 1 8/12/18 Caen
18%
3 Champions League 10/3/18 Red Star Belgrade
13%
1 Champions League 12/11/18 Red Star Belgrade
13%
2 Ligue 1 12/16/17 Stade Rennais
12%
2 Coupe De France 1/7/18 Stade Rennais
12%
2 Champions League 11/4/15 BATE Borisov
9%
1 Copa Del Rey 12/17/13 Cartagena
6%
1 La Liga 2/11/17 Deportivo Alaves
6%
1 Copa Del Rey 5/27/17 Deportivo Alaves
6%
1 Coupe De France 4/27/19 Stade Rennais
6%
1 Coupe De France 1/6/19 Pontivy
2%
No matching quizzes found
Score Distribution
Percent of People with Each Score
Percentile by Number Answered
Your Score History
You have not taken this quiz